000
00224nam a22000977a 4500
999
_c
263503
_d
263502
020
_a
9780810997226
100
_a
Laura Lee Gulledge.
245
_a
Page by Paige
260
_a
New York
_b
Amulet Books,
_c
2011.
942
_c
BK